000
00203nam a2200109Ia 4500
100
_a
FOLLETE/M.P.
942
_c
BK
245
_a
CREATIVE EXPERIENCE
260
_b
#N/A
546
_a
ENGLISH
999
_c
34230
_d
34230